Сочинения: В 2 т.; Т. 2. На Москве (Из времени чумы 1771 г.) Исторический роман в 4-х ч.

Bibliographic Details
Main Author: Салиас Е. А. Евгений Андреевич
Other Authors: Клодт Г. А. (иллюстратор)
Language:Russian
Published: Москва, Художественная литература, 1992
Subjects:
Format: Book
KOHA link:https://koha.lib.tpu.ru/cgi-bin/koha/opac-detail.pl?biblionumber=119154

MARC

LEADER 00000nam0a2200000 4500
001 119154
005 20231031124435.0
010 |a 5280026743 
020 |a RU  |b 92-21437 
035 |a (RuTPU)RU\TPU\book\128937 
090 |a 119154 
100 |a 20070625d1992 m y0rusy5003 ca 
101 0 |a rus 
102 |a RU 
105 |a a z 000ay 
200 1 |a Сочинения  |e В 2 т.  |h Т. 2. На Москве (Из времени чумы 1771 г.) Исторический роман в 4-х ч.  |f Е. А. Салиас  |g худож. Г. А. Клодт 
210 |a Москва  |c Художественная литература  |d 1992 
215 |d 21 см  |a 606 с.  |c ил. 
610 1 |a Россия 
610 1 |a исторические романы 
610 1 |a 18 век 
675 |a Р1  |z rus  |v 3 
700 1 |a Салиас  |b Е. А.  |g Евгений Андреевич  |4 070 
702 1 |a Клодт  |b Г. А.  |4 440 
801 0 |a RU  |b RuMRKP  |c 19950417  |g psbo 
801 1 |a RU  |b 63413507  |c 20070625  |g PSBO 
801 2 |a RU  |b 63413507  |c 20070914  |g PSBO 
942 |c BK